| 000 | 00380nam a2200157Ia 4500 | ||
|---|---|---|---|
| 100 | _aGilmore/James H/ Pine/Joseph | ||
| 942 | _cRB | ||
| 366 | _f10 | ||
| 654 | _aauthenticity | ||
| 245 | _aAuthenticity:What Consumers really want | ||
| 260 |
_bHarward Business School Press _aMumbai _c2007 |
||
| 082 |
_a658.8343/GIL _bGIL |
||
| 300 | _a299 | ||
| 546 | _aENGLISH | ||
| 999 |
_c25647 _d25647 |
||